All Pokemon Moves - Statistics

General Stats
  • This quiz has been taken 491 times
  • The average score is 371 of 934
Answer Stats
Gen Moves Type % Correct
1 Thunder Electric
89%
1 Psychic Psychic
85%
1 Thunderbolt Electric
84%
1 Tackle Normal
82%
1 Fly Flying
80%
1 Flamethrower Fire
79%
1 Earthquake Ground
78%
1 Thunder Punch Electric
78%
1 Ice Beam Ice
77%
1 Surf Water
77%
1 Bite Dark
76%
1 Ice Punch Ice
76%
1 Fire Punch Fire
75%
1 Toxic Poison
75%
1 Absorb Grass
73%
1 Hydro Pump Water
73%
2 Protect Normal
73%
1 Thunder Wave Electric
73%
1 Bubble Water
72%
2 Crunch Dark
72%
1 Ember Fire
72%
1 Quick Attack Normal
72%
2 Rain Dance Water
72%
2 Shadow Ball Ghost
72%
3 Dragon Dance Dragon
71%
2 Sunny Day Fire
71%
1 Cut Normal
70%
1 Hyper Beam Normal
70%
1 Psybeam Psychic
70%
1 Sleep Powder Grass
70%
2 Giga Drain Grass
69%
1 Growl Normal
69%
1 Poison Powder Poison
69%
3 Trick Psychic
69%
1 Vine Whip Grass
69%
1 Waterfall Water
69%
1 Acid Poison
68%
3 Aerial Ace Flying
68%
3 Dragon Claw Dragon
68%
4 Fire Fang Fire
68%
1 Mega Drain Grass
68%
1 Mist Ice
68%
1 Roar Normal
68%
1 Swords Dance Normal
68%
1 Thunder Shock Electric
68%
4 Toxic Spikes Poison
68%
1 Dig Ground
67%
1 Bubble Beam Water
66%
4 Dark Pulse Dark
66%
4 Draco Meteor Dragon
66%
6 Electric Terrain Electric
66%
1 Fire Blast Fire
66%
1 Leech Seed Grass
66%
1 Light Screen Psychic
66%
6 Moonblast Fairy
66%
1 Reflect Psychic
66%
2 Sandstorm Ground
66%
1 Water Gun Water
66%
1 Blizzard Ice
65%
1 Body Slam Normal
65%
3 Dive Water
65%
4 Dragon Pulse Dragon
65%
1 Explosion Normal
65%
1 Flash Normal
65%
6 Grassy Terrain Grass
65%
4 Ice Fang Ice
65%
1 Rock Slide Rock
65%
2 Rock Smash Rock
65%
1 Rock Throw Rock
65%
1 Solar Beam Grass
65%
2 Spikes Ground
65%
4 Thunder Fang Electric
65%
5 Volt Switch Electric
65%
1 Agility Psychic
64%
4 Aura Sphere Fighting
64%
4 Bug Buzz Bug
64%
1 Confusion Psychic
64%
1 Peck Flying
64%
7 Psychic Terrain Psychic
64%
1 Scratch Normal
64%
4 Aqua Jet Water
63%
3 Charge Electric
63%
4 Close Combat Fighting
63%
6 Dazzling Gleam Fairy
63%
3 Hail Ice
63%
1 Rage Normal
63%
1 Razor Leaf Grass
63%
1 Sludge Poison
63%
2 Spark Electric
63%
1 Spore Grass
63%
1 Stun Spore Grass
63%
4 U-Turn Bug
63%
4 Air Slash Flying
62%
4 Flare Blitz Fire
62%
1 High Jump Kick Fighting
62%
4 Trick Room Psychic
62%
7 Accelerock Rock
61%
4 Brave Bird Flying
61%
4 Bug Bite Bug
61%
3 Bullet Seed Grass
61%
1 Double Kick Fighting
61%
5 Electro Ball Electric
61%
3 Iron Defense Steel
61%
1 Leer Normal
61%
4 Stealth Rock Rock
61%
1 Tail Whip Normal
61%
3 Water Pulse Water
61%
3 Will-O-Wisp Fire
61%
1 Dragon Rage Dragon
60%
1 Headbutt Normal
60%
1 Hypnosis Psychic
60%
2 Icy Wind Ice
60%
1 Mach Punch Fighting
60%
1 Pound Normal
60%
1 Rest Psychic
60%
2 Sludge Bomb Poison
60%
1 Wing Attack Flying
60%
3 Bulk Up Fighting
59%
1 Confuse Ray Ghost
59%
1 Counter Fighting
59%
2 Detect Fighting
59%
1 Double Slap Normal
59%
1 Double Team Normal
59%
1 Fire Spin Fire
59%
2 Iron Tail Steel
59%
3 Leaf Blade Grass
59%
1 Sand Attack Ground
59%
1 Strength Normal
59%
3 Volt Tackle Electric
59%
5 Dragon Tail Dragon
58%
2 Extreme Speed Normal
58%
1 Gust Flying
58%
4 Iron Head Steel
58%
6 Misty Terrain Fairy
58%
1 Self-Destruct Normal
58%
1 Whirlwind Flying
58%
2 Aeroblast Flying
57%
5 Electroweb Electric
57%
6 Fairy Wind Fairy
57%
1 Guillotine Normal
57%
4 Leaf Storm Grass
57%
1 Mega Punch Normal
57%
5 Quiver Dance Bug
57%
1 Recover Normal
57%
1 Sing Normal
57%
1 Slash Normal
57%
4 Aqua Ring Water
56%
1 Aurora Beam Ice
56%
7 Aurora Veil Ice
56%
3 Calm Mind Psychic
56%
2 Curse Ghost
56%
4 Earth Power Ground
56%
3 Eruption Fire
56%
4 Giga Impact Normal
56%
1 Lick Ghost
56%
2 Outrage Dragon
56%
5 Psyshock Psychic
56%
5 Scald Water
56%
4 Shadow Claw Ghost
56%
1 Slam Normal
56%
1 Teleport Psychic
56%
2 Whirlpool Water
56%
1 Acid Armor Poison
55%
4 Drain Punch Fighting
55%
3 Hydro Cannon Water
55%
1 Low Kick Fighting
55%
2 Moonlight Fairy
55%
6 Powder Bug
55%
3 Rock Blast Rock
55%
3 Rock Tomb Rock
55%
1 Stomp Normal
55%
2 Ancient Power Rock
54%
4 Aqua Tail Water
54%
6 Dragon Ascent Flying
54%
1 Drill Peck Flying
54%
2 Flame Wheel Fire
54%
2 Hidden Power Normal
54%
4 Judgement Normal
54%
1 Mega Kick Normal
54%
3 Muddy Water Water
54%
6 Play Rough Fairy
54%
4 Psycho Cut Psychic
54%
4 Roar of Time Dragon
54%
2 Sleep Talk Normal
54%
6 Spiky Shield Grass
54%
1 Splash Normal
54%
4 Stone Edge Rock
54%
3 Brick Break Fighting
53%
4 Bullet Punch Steel
53%
1 Dream Eater Psychic
53%
1 Fissure Ground
53%
5 Flame Charge Fire
53%
4 Focus Blast Fighting
53%
4 Gunk Shot Poison
53%
1 Horn Drill Normal
53%
5 Hurricane Flying
53%
1 Leech Life Bug
53%
4 Shadow Sneak Ghost
53%
5 Sludge Wave Poison
53%
2 Steel Wing Steel
53%
5 Acrobatics Flying
52%
1 Amnesia Psychic
52%
3 Blaze Kick Fire
52%
4 Charge Beam Electric
52%
6 Draining Kiss Fairy
52%
1 Harden Normal
52%
2 Rollout Rock
52%
1 Transform Normal
52%
3 Wish Normal
52%
4 Zen Headbutt Psychic
52%
2 Attract Normal
51%
2 Charm Fairy
51%
4 Dragon Rush Dragon
51%
3 Fake Out Normal
51%
4 Flash Cannon Steel
51%
6 Freeze-Dry Ice
51%
6 Phantom Force Ghost
51%
1 Poison Sting Poison
51%
7 Psychic Fangs Psychic
51%
1 Psywave Psychic
51%
2 Rapid Spin Normal
51%
4 Wood Hammer Grass
51%
3 Air Cutter Flying
50%
9 Aqua Step Water
50%
6 Baby-Doll Eyes Fairy
50%
4 Dark Void Dark
50%
1 Double-Edge Normal
50%
5 Fire Pledge Fire
50%
3 Focus Punch Fighting
50%
3 Frenzy Plant Grass
50%
4 Grass Knot Grass
50%
3 Hyper Voice Normal
50%
1 Karate Chop Fighting
50%
1 Metronome Normal
50%
2 Mud-Slap Ground
50%
6 Nuzzle Electric
50%
5 Sacred Sword Fighting
50%
8 Snipe Shot Water
50%
1 Supersonic Normal
50%
1 Take Down Normal
50%
1 Wrap Normal
50%
4 Avalanche Ice
49%
1 Bide Normal
49%
6 Boomburst Normal
49%
7 Darkest Lariat Dark
49%
1 Defense Curl Normal
49%
2 Dragon Breath Dragon
49%
9 Flower Trick Grass
49%
3 Follow Me Normal
49%
1 Fury Swipes Normal
49%
6 Geomancy Fairy
49%
5 Grass Pledge Grass
49%
3 Helping Hand Normal
49%
3 Howl Normal
49%
1 Hyper Fang Normal
49%
4 Ice Shard Ice
49%
5 Icicle Crash Ice
49%
1 Jump Kick Fighting
49%
2 Metal Claw Steel
49%
4 Nasty Plot Dark
49%
3 Poison Fang Poison
49%
5 Psystrike Psychic
49%
4 Rock Climb Normal
49%
3 Sheer Cold Ice
49%
4 Tailwind Flying
49%
5 Wild Charge Electric
49%
4 X-Scissor Bug
49%
5 Acid Spray Poison
48%
1 Bind Normal
48%
3 Blast Burn Fire
48%
4 Energy Ball Grass
48%
8 Grassy Glide Grass
48%
5 Inferno Fire
48%
4 Night Slash Dark
48%
6 Oblivion Wing Flying
48%
4 Poison Jab Poison
48%
4 Spacial Rend Dragon
48%
1 String Shot Bug
48%
1 Tri Attack Normal
48%
3 Water Spout Water
48%
8 Body Press Fighting
47%
3 Bounce Flying
47%
5 Bulldoze Ground
47%
4 Defog Flying
47%
8 Flip Turn Water
47%
1 Horn Attack Normal
47%
3 Icicle Spear Ice
47%
2 Mean Look Normal
47%
3 Overheat Fire
47%
6 Power-Up Punch Fighting
47%
8 Pyro Ball Fire
47%
1 Screech Normal
47%
4 Seed Bomb Grass
47%
6 Thousand Arrows Ground
47%
2 Triple Kick Fighting
47%
5 Water Pledge Water
47%
6 Water Shuriken Water
47%
2 Baton Pass Normal
46%
4 Discharge Electric
46%
8 Drum Beating Grass
46%
2 Encore Normal
46%
1 Haze Ice
46%
5 Heal Pulse Psychic
46%
3 Heat Wave Fire
46%
3 Ice Ball Ice
46%
2 Mirror Coat Psychic
46%
3 Mud Shot Ground
46%
6 Origin Pulse Water
46%
2 Powder Snow Ice
46%
4 Roost Flying
46%
5 Shell Smash Normal
46%
1 Sky Attack Flying
46%
8 Steel Beam Steel
46%
4 Sucker Punch Dark
46%
1 Super Fang Normal
46%
3 Taunt Dark
46%
2 Zap Cannon Electric
46%
3 Astonish Ghost
45%
5 Blue Flare Fire
45%
6 King's Shield Steel
45%
7 Leafage Grass
45%
4 Rock Polish Rock
45%
2 Sacred Fire Fire
45%
2 Thief Dark
45%
3 Yawn Normal
45%
3 Cosmic Power Psychic
44%
5 Drill Run Ground
44%
1 Egg Bomb Normal
44%
7 First Impression Bug
44%
6 Flying Press Fighting
44%
1 Focus Energy Normal
44%
1 Glare Normal
44%
5 Heavy Slam Steel
44%
1 Night Shade Ghost
44%
6 Parting Shot Dark
44%
1 Petal Dance Grass
44%
7 Sparkling Aria Water
44%
3 Superpower Fighting
44%
3 Swallow Normal
44%
5 Venoshock Poison
44%
8 Wave Crash Water
44%
3 Weather Ball Normal
44%
5 Wide Guard Rock
44%
3 Aromatherapy Grass
43%
4 Attack Order Bug
43%
1 Barrage Normal
43%
5 Fusion Bolt Electric
43%
1 Growth Normal
43%
3 Knock Off Dark
43%
7 Moongeist Beam Ghost
43%
6 Mystical Fire Fire
43%
4 Power Gem Rock
43%
3 Secret Power Normal
43%
1 Seismic Toss Fighting
43%
1 Struggle Typless
43%
9 Tera Blast Normal
43%
8 Triple Axel Ice
43%
8 Behemoth Blade Steel
42%
2 Belly Drum Normal
42%
2 Dynamic Punch Fighting
42%
2 Endure Normal
42%
1 Fury Attack Normal
42%
2 Future Sight Psychic
42%
4 Gyro Ball Steel
42%
4 Healing Wish Psychic
42%
5 Heat Crash Fire
42%
1 Minimize Normal
42%
1 Pay Day Normal
42%
1 Poison Gas Poison
42%
3 Psycho Boost Psychic
42%
5 Razor Shell Water
42%
4 Shadow Force Ghost
42%
1 Soft-Boiled Normal
42%
3 Water Sport Water
42%
5 Wonder Room Psychic
42%
3 Arm Thrust Fighting
41%
7 Baneful Bunker Poison
41%
3 Block Normal
41%
5 Cotton Guard Grass
41%
2 Destiny Bond Ghost
41%
5 Flame Burst Fire
41%
5 Fusion Flare Fire
41%
5 Glaciate Ice
41%
4 Hammer Arm Fighting
41%
4 Head Smash Rock
41%
7 Liquidation Water
41%
2 Megahorn Bug
41%
3 Mud Sport Ground
41%
6 Precipice Blades Ground
41%
9 Rage Fist Ghost
41%
5 Rage Powder Bug
41%
3 Shadow Punch Ghost
41%
5 Shift Gear Steel
41%
3 Skill Swap Psychic
41%
2 Snore Normal
41%
7 Solar Blade Grass
41%
6 Sticky Web Bug
41%
1 Substitute Normal
41%
2 Synthesis Grass
41%
9 Torch Song Fire
41%
5 After You Normal
40%
1 Barrier Psychic
40%
5 Bolt Strike Electric
40%
6 Celebrate Normal
40%
1 Conversion Normal
40%
4 Cross Poison Poison
40%
9 Electro Drift Electric
40%
2 False Swipe Normal
40%
9 Ice Spinner Ice
40%
5 Low Sweep Fighting
40%
3 Magical Leaf Grass
40%
4 Magnet Rise Electric
40%
2 Magnitude Ground
40%
4 Mud Bomb Ground
40%
2 Perish Song Normal
40%
1 Pin Missile Bug
40%
3 Poison Tail Poison
40%
4 Power Swap Psychic
40%
4 Power Whip Grass
40%
1 Razor Wind Normal
40%
2 Return Normal
40%
3 Sand Tomb Ground
40%
4 Seed Flare Grass
40%
2 Sketch Normal
40%
7 Spirit Shackle Ghost
40%
3 Stockpile Normal
40%
7 Sunsteel Strike Steel
40%
6 Thousand Waves Ground
40%
5 V-Create Fire
40%
1 Withdraw Water
40%
7 10,000,000 Volt Thunderbolt Electric
39%
8 Behemoth Bash Steel
39%
7 Bloom Doom Grass
39%
2 Conversion 2 Normal
39%
4 Copycat Normal
39%
1 Crabhammer Water
39%
3 Crush Claw Normal
39%
1 Dizzy Punch Normal
39%
4 Double Hit Normal
39%
3 Facade Normal
39%
4 Feint Normal
39%
2 Frustration Normal
39%
4 Gravity Psychic
39%
7 High Horsepower Ground
39%
5 Incinerate Fire
39%
3 Ingrain Grass
39%
7 Light That Burns the Sky Psychic
39%
3 Metal Sound Steel
39%
8 Meteor Beam Rock
39%
3 Meteor Mash Steel
39%
1 Mimic Normal
39%
2 Morning Sun Normal
39%
4 Ominous Wind Ghost
39%
1 Smog Poison
39%
9 Thunderclap Electric
39%
2 Beat Up Dark
38%
1 Comet Punch Normal
38%
8 Dragon Darts Dragon
38%
3 Grass Whistle Grass
38%
3 Silver Wind Bug
38%
8 Surging Strikes Water
38%
7 Zing Zap Electric
38%
4 Acupressure Normal
37%
8 Astral Barrage Ghost
37%
7 Beak Blast Flying
37%
9 Bitter Blade Fire
37%
1 Bonemerang Ground
37%
7 Clanging Scales Dragon
37%
4 Defend Order Bug
37%
8 Dragon Energy Dragon
37%
8 Dual Wingbeat Flying
37%
2 Fury Cutter Bug
37%
5 Horn Leech Grass
37%
5 Leaf Tornado Grass
37%
4 Magma Storm Fire
37%
3 Mist Ball Psychic
37%
2 Psych Up Psychic
37%
5 Quick Guard Fighting
37%
2 Safeguard Normal
37%
5 Secret Sword Fighting
37%
3 Shock Wave Electric
37%
2 Spite Ghost
37%
3 Spit Up Normal
37%
2 Sweet Kiss Fairy
37%
3 Tail Glow Bug
37%
3 Teeter Dance Normal
37%
1 Twineedle Bug
37%
5 Work Up Normal
37%
8 Bolt Beak Electric
36%
5 Coil Poison
36%
2 Cotton Spore Grass
36%
2 Cross Chop Fighting
36%
6 Diamond Storm Rock
36%
5 Dual Chop Dragon
36%
3 Endeavor Normal
36%
3 Feather Dance Flying
36%
5 Fiery Dance Fire
36%
2 Heal Bell Normal
36%
4 Heal Order Bug
36%
5 Hex Ghost
36%
1 Lovely Kiss Normal
36%
4 Lunar Dance Psychic
36%
8 Max Flare Fire
36%
8 Max Guard Normal
36%
2 Milk Drink Normal
36%
6 Parabolic Charge Electric
36%
6 Petal Blizzard Grass
36%
9 Population Bomb Normal
36%
4 Rock Wrecker Rock
36%
1 Smokescreen Normal
36%
9 Snowscape Ice
36%
5 Tail Slap Normal
36%
8 Thunder Cage Electric
36%
6 Trick-or-Treat Ghost
36%
3 Uproar Normal
36%
4 Wake-Up Slap Fighting
36%
7 Zippy Zap Electric
36%
7 Acid Downpour Poison
35%
7 All-Out Pummeling Fighting
35%
2 Bone Rush Ground
35%
7 Burn Up Fire
35%
5 Circle Throw Fighting
35%
3 Fake Tears Dark
35%
8 Fishious Rend Water
35%
5 Gear Grind Steel
35%
7 Gigavolt Havoc Electric
35%
4 Guard Swap Psyhcic
35%
4 Heart Swap Psychic
35%
1 Kinesis Psychic
35%
4 Lava Plume Fire
35%
2 Lock-On Normal
35%
3 Luster Purge Psychic
35%
8 Max Rockfall Rock
35%
8 Max Strike Normal
35%
3 Nature Power Normal
35%
2 Nightmare Ghost
35%
5 Quash Dark
35%
5 Relic Song Normal
35%
5 Retaliate Normal
35%
8 Scale Shot Dragon
35%
5 Sky Drop Flying
35%
5 Soak Water
35%
7 Stomping Tantrum Ground
35%
1 Swift Normal
35%
1 Thrash Normal
35%
7 Throat Chop Dark
35%
2 Twister Dragon
35%
9 Aqua Cutter Water
34%
4 Assurance Dark
34%
1 Constrict Normal
34%
7 Double Iron Bash Steel
34%
7 Dragon Hammer Dragon
34%
4 Fling Dark
34%
8 Glacial Lance Ice
34%
8 Headlong Rush Ground
34%
9 Hydro Steam Water
34%
6 Infestation Bug
34%
5 Magic Room Psychic
34%
8 Max Steelspike Steel
34%
8 Poltergeist Ghost
34%
3 Revenge Fighting
34%
1 Skull Bash Normal
34%
1 Sonic Boom Normal
34%
6 Steam Eruption Water
34%
3 Torment Dark
34%
2 Vital Throw Fighting
34%
8 Bleakwind Storm Flying
33%
1 Bone Club Ground
33%
1 Disable Normal
33%
6 Mat Block FIghting
33%
8 Max Geyser Water
33%
5 Stored Power Psychic
33%
4 Vacuum Wave Fighting
33%
8 Wicked Blow Dark
33%
5 Ally Switch Psychic
32%
3 Assist Normal
32%
7 Baddy Bad Dark
32%
8 Branch Poke Grass
32%
4 Brine Water
32%
9 Burning Bulwark Fire
32%
1 Clamp Water
32%
8 Clangorous Soul Dragon
32%
9 Collision Course Fighting
32%
6 Disarming Voice Fairy
32%
3 Doom Desire Steel
32%
9 Dragon Cheer Dragon
32%
6 Eerie Impulse Electric
32%
9 Electro Shot Electric
32%
7 Fire Lash Fire
32%
7 Fleur Cannon Fairy
32%
2 Foresight Normal
32%
5 Freeze Shock Ice
32%
7 Ice Hammer Ice
32%
3 Imprison Psychic
32%
9 Jet Punch Water
32%
7 Lunge Bug
32%
8 Max Airstream Flying
32%
8 Max Knuckle Fighting
32%
8 Max Ooze Poison
32%
8 Max Overgrowth Grass
32%
8 Max Quake Ground
32%
7 Photon Geyser Psychic
32%
4 Pluck Flying
32%
2 Pursuit Dark
32%
1 Rolling Kick Fighting
32%
5 Round Normal
32%
5 Snarl Dark
32%
8 Stone Axe Rock
32%
2 Swagger Normal
32%
2 Sweet Scent Normal
32%
5 Telekinesis Psychic
32%
9 Tera Starstorm Normal
32%
7 Trop Kick Grass
32%
8 Victory Dance Fighting
32%
9 Armor Cannon Fire
31%
6 Belch Poison
31%
8 Breaking Swipe Dragon
31%
7 Breakneck Blitz Normal
31%
3 Covet Normal
31%
4 Crush Grip Normal
31%
8 Dynamax Cannon Dragon
31%
2 Feint Attack Dark
31%
2 Flail Normal
31%
4 Force Palm Fighting
31%
6 Forest's Curse Grass
31%
5 Frost Breath Ice
31%
7 Hydro Vortex Water
31%
7 Inferno Overdrive Fire
31%
4 Magnet Bomb Steel
31%
8 Max Flutterby Bug
31%
3 Memento Dark
31%
4 Metal Burst Steel
31%
1 Mirror Move Flying
31%
8 Misty Explosion Fairy
31%
7 Nature's Madness Grass
31%
7 Pulverizing Pancake Normal
31%
5 Smack Down Rock
31%
9 Trailblaze Grass
31%
8 Apple Acid Grass
30%
9 Axe Kick Fighting
30%
8 Decorate Fairy
30%
7 Extreme Evoboost Normal
30%
5 Foul Play Dark
30%
4 Gastro Acid Poison
30%
5 Guard Split Psychic
30%
5 Hone Claws Dark
30%
6 Hyperspace Hole Psychic
30%
9 Ivy Cudgel Grass
30%
6 Land's Wrath Ground
30%
4 Last Resort Normal
30%
8 No Retreat Fighting
30%
9 Psyblade Psychic
30%
7 Revelation Dance Normal
30%
2 Reversal Fighting
30%
2 Scary Face Normal
30%
8 Scorching Sands Ground
30%
1 Sharpen Normal
30%
3 Signal Beam Bug
30%
3 Slack Off Normal
30%
5 Struggle Bug Bug
30%
1 Submission Fighting
30%
5 Techno Blast Normal
30%
7 Twinkle Tackle Fairy
30%
8 Aura Wheel Electric
29%
8 Ceaseless Edge Dark
29%
5 Echoed Voice Normal
29%
8 Eternabeam Dragon
29%
9 Gigaton Hammer Steel
29%
7 Instruct Psychic
29%
9 Matcha Gotcha Grass
29%
8 Max Darkness Dark
29%
8 Max Wyrmwind Dragon
29%
4 Me First Normal
29%
7 Never-Ending Nightmare Ghost
29%
7 Pollen Puff Bug
29%
9 Psychic Noise Psychic
29%
9 Salt Cure Rock
29%
2 Spider Web Bug
29%
4 Switcheroo Dark
29%
8 Thunderous Kick Fighting
29%
8 Triple Arrows Fighting
29%
8 Barb Barrage Poison
28%
4 Chatter Flying
28%
9 Chilling Water Water
28%
7 Continental Crush Rock
28%
9 Double Shock Electric
28%
4 Embargo Dark
28%
3 Extrasensory Psychic
28%
6 Fairy Lock Fairy
28%
8 G-Max Wildfire Fire
28%
8 Grav Apple Grass
28%
6 Hyperspace Fury Dark
28%
6 Ion Deluge Electric
28%
8 Jungle Healing Grass
28%
9 Kowtow Cleave Dark
28%
9 Last Respects Ghost
28%
7 Let's Snuggle Forever Fairy
28%
8 Lunar Blessing Psychic
28%
8 Max Hailstorm Ice
28%
8 Max Mindstorm Psychic
28%
8 Max Starfall Fairy
28%
3 Odor Sleuth Normal
28%
8 Overdrive Electric
28%
5 Power Split Psychic
28%
4 Power Trick Psychic
28%
9 Revival Blessing Normal
28%
8 Sandsear Storm Ground
28%
7 Shadow Bone Ghost
28%
3 Sky Uppercut Fighting
28%
7 Speed Swap Psychic
28%
4 Worry Seed Grass
28%
5 Autotomize Steel
27%
7 Black Hole Eclipse Dark
27%
9 Blood Moon Normal
27%
7 Catastropika Electric
27%
9 Chilly Reception Ice
27%
8 Court Change Normal
27%
8 Dire Claw Poison
27%
8 Expanding Force Psychic
27%
5 Final Gambit Fighting
27%
7 Guardian of Alola Fairy
27%
4 Heal Block Psychic
27%
9 Hyper Drill Normal
27%
8 Life Dew Water
27%
9 Make It Rain Steel
27%
9 Malignant Chain Poison
27%
4 Mirror Shot Steel
27%
2 Pain Split Normal
27%
4 Payback Dark
27%
7 Plasma Fists Electric
27%
9 Ruination Dark
27%
5 Searing Shot Fire
27%
7 Shore Up Ground
27%
3 Smelling Salts Normal
27%
1 Spike Cannon Normal
27%
9 Supercell Slam Electric
27%
6 Venom Drench Poison
27%
4 Wring Out Normal
27%
7 Anchor Shot Steel
26%
8 Burning Jealousy Fire
26%
8 Coaching Fighting
26%
7 Core Enforcer Dragon
26%
9 Fickle Beam Dragon
26%
3 Flatter Dark
26%
8 Freezing Glare Psychic
26%
9 Glaive Rush Dragon
26%
3 Grudge Ghost
26%
5 Head Charge Normal
26%
5 Heart Stamp Psychic
26%
8 Infernal Parade Ghost
26%
7 Malicious Moonsault Dark
26%
8 Max Lightning Electric
26%
3 Needle Arm Grass
26%
8 Obstruct Dark
26%
6 Play Nice Normal
26%
8 Psyshield Bash Psychic
26%
3 Recycle Normal
26%
6 Rototiller Ground
26%
5 Simple Beam Normal
26%
5 Steamroller Bug
26%
3 Tickle Normal
26%
7 Toxic Thread Poison
26%
9 Alluring Voice Fairy
25%
7 Bouncy Bubble Water
25%
7 Brutal Swing Dark
25%
7 Clangorous Soulblaze Dragon
25%
5 Ice Burn Ice
25%
2 Octazooka Water
25%
9 Order Up Dragon
25%
2 Present Normal
25%
7 Smart Strike Steel
25%
8 Spirit Break Fairy
25%
5 Storm Throw Fighting
25%
7 Subzero Slammer Ice
25%
9 Twin Beam Psychic
25%
1 Vise Grip Normal
25%
3 Camouflage Normal
24%
6 Electrify Electric
24%
5 Entrainment Normal
24%
8 Esper Wing Psychic
24%
9 Fillet Away Normal
24%
8 G-Max Vine Lash Grass
24%
6 Hold Hands Normal
24%
8 Max Phantasm Ghost
24%
7 Power Trip Dark
24%
7 Prismatic Laser Psychic
24%
7 Savage Spin-Out Bug
24%
7 Spectral Thief Ghost
24%
8 Terrain Pulse Normal
24%
9 Tidy Up Normal
24%
9 Triple Dive Water
24%
8 Wildbolt Storm Electric
24%
8 Bitter Malice Ghost
23%
8 Chloroblast Grass
23%
5 Clear Smog Poison
23%
6 Crafty Shield Fairy
23%
6 Fell Stinger Bug
23%
8 Fiery Wrath Dark
23%
7 Floral Healing Fairy
23%
7 Genesis Supernova Psychic
23%
8 G-Max Befuddle Bug
23%
8 G-Max Snooze Dark
23%
8 Jaw Lock Dark
23%
8 Lash Out Dark
23%
1 Meditate Psychic
23%
4 Natural Gift Normal
23%
5 Night Daze Dark
23%
4 Psycho Shift Psychic
23%
8 Rising Voltage Electric
23%
9 Shed Tail Normal
23%
7 Sinister Arrow Raid Ghost
23%
8 Skitter Smack Bug
23%
3 Snatch Dark
23%
8 Springtide Storm Fairy
23%
8 Steel Roller Steel
23%
7 Supersonic Skystrike Flying
23%
9 Syrup Bomb Grass
23%
9 Blazing Torque Fire
22%
7 Corkscrew Crash Steel
22%
7 Glitzy Glow Psychic
22%
8 G-Max Drum Solo Grass
22%
8 G-Max Fireball Fire
22%
8 G-Max Sweetness Grass
22%
8 G-Max Tartness Grass
22%
8 G-Max Volt Crash Electric
22%
6 Hold Back Normal
22%
6 Light of Ruin Fairy
22%
6 Magnetic Flux Electric
22%
9 Mortal Spin Poison
22%
7 Multi-Attack Normal
22%
7 Oceanic Operetta Water
22%
8 Octolock Fighting
22%
9 Pounce Bug
22%
4 Punishment Dark
22%
9 Raging Bull Normal
22%
7 Shattered Psyche Psychic
22%
8 Tar Shot Rock
22%
8 Corrosive Gas Poison
21%
7 Devastating Drake Dragon
21%
8 G-Max Centiferno Fire
21%
8 G-Max Foam Burst Water
21%
8 G-Max Hydrosnipe Water
21%
8 G-Max Resonance Ice
21%
8 G-Max Stonesurge Rock
21%
8 G-Max Volcalith Rock
21%
9 Lumina Crash Psychic
21%
3 Magic Coat Psychic
21%
9 Mighty Cleave Rock
21%
8 Mystical Power Psychic
21%
8 Raging Fury Fire
21%
7 Shell Trap Fire
21%
8 Shelter Steel
21%
9 Tachyon Cutter Steel
21%
7 Tectonic Rage Ground
21%
9 Doodle Normal
20%
8 False Surrender Dark
20%
7 Gear Up Steel
20%
8 G-Max Cannonade Water
20%
8 G-Max Chi Strike Fighting
20%
8 G-Max Finale Fairy
20%
8 G-Max Gravitas Psychic
20%
8 G-Max Replenish Normal
20%
8 G-Max Steelsurge Steel
20%
4 Lucky Chant Normal
20%
8 Meteor Assault Fighting
20%
7 Mind Blown Fire
20%
5 Reflect Type Normal
20%
8 Shell Side Arm Poison
20%
8 Snap Trap Grass
20%
8 Teatime Normal
20%
7 Menacing Moonraze Maelstrom Ghost
19%
2 Mind Reader Normal
19%
4 Miracle Eye Psychic
19%
7 Strength Sap Grass
19%
6 Topsy-Turvy Dark
19%
4 Captivate Normal
18%
5 Chip Away Normal
18%
6 Confide Normal
18%
7 Floaty Fall Flying
18%
8 G-Max Cuddle Normal
18%
8 G-Max Gold Rush Normal
18%
8 G-Max Malodor Poison
18%
8 G-Max Sandblast Ground
18%
8 G-Max Smite Fairy
18%
8 G-Max Stun Shock Electric
18%
8 G-Max Terror Ghost
18%
6 Happy Hour Normal
18%
7 Purify Poison
18%
3 Refresh Normal
18%
3 Role Play Psychic
18%
7 Searing Sunraze Smash Steel
18%
9 Silk Trap Bug
18%
7 Sizzly Slide Fire
18%
7 Splintered Stormshards Rock
18%
7 Splishy Splash Water
18%
8 Strange Steam Fairy
18%
5 Synchronoise Psychic
18%
8 Take Heart Psychic
18%
9 Upper Hand Fighting
18%
7 Veevee Volley Normal
18%
6 Aromatic Mist Fairy
17%
5 Bestow Normal
17%
8 Eerie Spell Psychic
17%
8 G-Max Depletion Dragon
17%
8 G-Max Meltdown Steel
17%
8 G-Max One Blow Dark
17%
8 G-Max Wind Rage Flying
17%
9 Hard Press Steel
17%
8 Magic Powder Psychic
17%
6 Noble Roar Normal
17%
7 Sappy Seed Grass
17%
7 Soul-Stealing 7-Star Strike Ghost
17%
9 Spicy Extract Grass
17%
4 Trump Card Normal
17%
9 Combat Torque Fighting
16%
6 Flower Shield Fairy
16%
8 G-Max Rapid Flow Water
16%
9 Magical Torque Fairy
16%
9 Noxious Torque Poison
16%
9 Spin Out Steel
16%
7 Buzzy Buzz Bug
15%
9 Comeuppance Dark
15%
7 Laser Focus Normal
15%
7 Pika Papow Electric
15%
7 Stoked Sparksurfer Electric
15%
9 Wicked Torque Dark
15%
7 Freezy Frost Ice
14%
8 Mountain Gale Ice
14%
7 Sparkly Swirl Fairy
13%
8 Stuff Cheeks Normal
12%
7 Tearful Look Normal
12%
9 Temper Flare Fire
12%
8 Power Shift Normal
11%
7 Spotlight Normal
11%
No matching quizzes found
Score Distribution
Percent of People with Each Score
Percentile by Number Answered
Your Score History
You have not taken this quiz